| 000 | 00541nam a2200181Ia 4500 | ||
|---|---|---|---|
| 008 | 100920s9999 xx 000 0 und d | ||
| 082 |
_b51716 _a580 ढ 62 |
||
| 100 | _aआपटे नारायण हरि. | ||
| 245 | _aगृहसौख्य. | ||
| 260 |
_bआपटे आणि मंडळी , सातारा. _c1862 |
||
| 300 |
_a190 _bसाधी |
||
| 365 | _b1.5 | ||
| 520 | _aशाई. | ||
| 630 | _aगृहसौख्य. | ||
| 650 | _aशाई. | ||
| 730 | _aगृहसौख्य. | ||
| 942 | _cBOOK | ||
| 999 |
_c697388 _d697385 |
||